Unanswered Questions in Periodontology (Record no. 18097)

MARC details
000 -LEADER
fixed length control field 00379nam a22001457a 4500
003 - CONTROL NUMBER IDENTIFIER
control field SGT
020 ## - INTERNATIONAL STANDARD BOOK NUMBER
International Standard Book Number 9780323400800
082 ## - DEWEY DECIMAL CLASSIFICATION NUMBER
Classification number 617.645
Item number U15F
100 ## - MAIN ENTRY--PERSONAL NAME
Personal name Frank A. Scannapieco
245 ## - TITLE STATEMENT
Title Unanswered Questions in Periodontology
260 ## - PUBLICATION, DISTRIBUTION, ETC. (IMPRINT)
Place of publication, distribution, etc Philadelphia, United States
Name of publisher, distributor, etc Health Sciences Division
Year of Publication 2015
300 ## - PAGE DESCRIPTION
No. of Pages 761-1002
650 ## - SUBJECT ADDED ENTRY--TOPICAL TERM
Topical term or geographic name as entry element Periodontology
942 ## - ADDED ENTRY ELEMENTS (KOHA)
Source of classification or shelving scheme Dewey Decimal Classification
Koha item type Books
Holdings
Withdrawn status Lost status Source of classification or shelving scheme Damaged status Not for loan Home library Current library Shelving location Date acquired Vendor Name Volume Information (Serial or Books or Non-Book Material) SGTU Total Checkouts Full call number Accession No. (Barcode) Date last seen Bill Date Koha item type
    Dewey Decimal Classification     SGT Dental Library SGT Dental Library Reference Book 30/05/2019 AHUJA SUBSCRIPTION AGENCY 59.4 SGTU   617.645 U15F FD8050 30/05/2019 30/05/2019 Books